000 00615cam a2200217 a 4500
001 000009366
005 20200929161553.0
008 990906s1999 ag 000 f spa d
020 _a9505115113
040 _aDO-SdBNP
_cDLC
082 _aA863.44
_bT625e
100 1 _aTizón, Héctor,
_d1929-
_924141
245 1 0 _aExtraño y pálido fulgor /
_cHéctor Tizón.
260 _aBuenos Aires, Argentina :
_bAlfaguara,
_cc1999.
300 _a206 p. ;
_c22 cm.
650 4 _aNovela argentina
_93941
650 4 _aLiteratura argentina
_93860
910 _aCatalogación por copia / LC
910 _aWM
049 _aBNGR
999 _c9126
_d9126